Ein chorherrenbuch

Podrobná bibliografia
Hlavný autor: Brunner, Sebastian (Autor)
Médium: Kniha
Jazyk:angličtina
Fyzický popis:848 s.
Vydavateľské údaje: Wien Verlag von Leo Woerl 1883

MARC

LEADER 00000nam a2200000 a 4500
001 vtls009309660
003 SK-MaSNL
005 20260302043257.0
008 240314 000 0 eng
040 |a SNK  |b slo  |c SNK  |e AACR2 
100 1 |a Brunner, Sebastian  |4 aut  |9 697221 
245 1 0 |a Ein chorherrenbuch 
260 |a Wien  |b Verlag von Leo Woerl  |c 1883 
300 |a 848 s. 
999 |c 1086016  |d 1087946 
952 |a SNK  |b SNK  |y PREZ  |7 0  |p 17A0585178  |o snkSE 6699  |i snkK 1867/79  |3 rekatalogizácia  |0 0  |1 0  |4 0  |d 2008-07-07  |l 0  |r 2026-02-24 16:40:31  |w 2026-02-24